Wigan Athletic Best Scorer By Year - Statistics

General Stats
  • This quiz has been taken 51 times
  • The average score is 4 of 8
Answer Stats
Player % Correct
Hugo Rodallega
68%
Emile Heskey
55%
Amr Zaki
48%
Charles N'Zogbia
48%
Henri Camara
48%
Arouna Koné
43%
Franco Di Santo
43%
Marcus Bent
33%
No matching quizzes found
Score Distribution
Percent of People with Each Score
Percentile by Number Answered
Your Score History
You have not taken this quiz